Co powstało w tym państwie 2 - Statystyki

Ogólne statystyki
  • Ten quiz został rozwiązany 6 razy
  • Średni wynik to 5 z 18
Statystyki odpowiedzi
Hint Odpowiedź % Poprawnych
Skype Estonia
83%
Popcorn Meksyk
67%
Lody Chiny
50%
Luneta Holandia
50%
Pismo Klinowe Irak
33%
Pendrive Japonia
33%
Piwo Mezopotamia
33%
Mikrofon Niemcy
33%
Wycieraczki Samochodowe Polska
33%
Mikrofala USA
33%
Atrament Egipt
17%
Szachy Iran
17%
Wyciskaczka do cytryn Chile
0%
Laptop Japonia
0%
Rozrusznik Serca Kolumbia
0%
Winda dla Wózków Inwalidzkich Portugalia
0%
Pióro Wieczne Rumunia
0%
Folia Aluminiowa Szwajcaria
0%
Nie znaleziono quizów pasujących do podanych kryteriów
Rozkład punktacji
Procent ludzi z każdym wynikiem
Percentyl według liczby udzielonych odpowiedzi
Twoja historia wyników
Nie rozwiązałeś tego quizu